[Event "18th Lviv Tradition November 2017"]
[Site "Lviv"]
[Date "2017.11.07"]
[Round "2"]
[White "Shpanko, Nadiia"]
[Black "Kryvoruchko, Vita"]
[Result "1-0"]
[WhiteElo "2085"]
[BlackElo "2148"]
[Annotator "TA"]
[PlyCount "71"]
[EventDate "2017.??.??"]
[EventType "tourn"]
[EventCountry "UKR"]
[SourceTitle "playchess.com"]
[Source "ChessBase"]
[SourceQuality "1"]

{[%evp 24,71,61,54,72,66,72,49,51,53,58,60,84,62,111,114,130,130,127,123,127,127,134,135,129,127,166,137,167,129,209,200,264,266,247,220,216,207,268,268,271,266,640,582,635,633,630,610,6216,10108]} 1. d4 Nf6 2. c4 e6 3. Nf3 d5 4. g3 Be7 5. Bg2 O-O 6. O-O Nbd7 7. Qc2 c6 8. Nbd2 b6 9. e4 dxe4 10. Nxe4 Nxe4 11. Qxe4 Bb7 12. Rd1 Rc8 13. Bf4 {LiveBook: 24 Games} a5 $146 {E09: Closed Catalan: Main Line: 7 Qc2 c6 8 Nbd2} ({Predecessor:} 13... Re8 14. h4 h6 15. Rac1 Bf8 16. Rc2 Qe7 17. Re2 Qb4 18. Qc2 Ba6 19. b3 Red8 20. Ree1 Bb7 21. Bd2 {½-½ (41) Gajek,R (2426)-Simacek,P (2454) Legnica 2015}) 14. Qc2 b5 15. c5 Nf6 {White is slightly better.} 16. Ng5 h6 17. Ne4 Nxe4 18. Qxe4 b4 19. a3 bxa3 20. bxa3 Ba6 {[#]} 21. Qc2 $1 Qd7 22. Rab1 Bd8 23. Bd6 Re8 24. Rb2 g6 25. Rdb1 h5 26. Rb8 $36 {[%mdl 2048] White is in control.} Rxb8 (26... Bc7 $16 27. Bxc7 Rxc7 28. Rxe8+ Qxe8) 27. Rxb8 $18 Bf6 {next ...Rxb8 is good for Black.} 28. Rb6 Bb7 29. Qb3 Ba8 30. Qa4 Rc8 31. Ra6 Bb7 32. Ra7 Be7 $2 {[#]} (32... Ra8 33. Rxa8+ (33. Rxa5 Rxa5 34. Qxa5 Bxd4 $11) 33... Bxa8 34. Qxa5 Bb7) 33. Qxa5 {White is clearly winning.} Bxd6 34. cxd6 h4 35. Qb6 Rb8 36. Qc7 {Precision: White = 91%, Black = 40%.} 1-0

[Event "18th Lviv Tradition November 2017"]
[Site "Lviv"]
[Date "2017.11.07"]
[Round "3"]
[White "Anwesh, Upadhyaya"]
[Black "Zgadzaj, Rafal"]
[Result "1/2-1/2"]
[WhiteElo "2368"]
[BlackElo "2133"]
[Annotator "TA"]
[PlyCount "120"]
[EventDate "2017.??.??"]
[EventType "tourn"]
[EventCountry "UKR"]
[SourceTitle "playchess.com"]
[Source "ChessBase"]
[SourceQuality "1"]

{[%evp 20,120,0,-8,39,27,25,-31,-29,-25,0,-3,0,0,0,0,0,0,0,0,0,0,0,-8,-6,-41,-47,-30,-34,-32,-39,-167,-139,-145,-94,-91,-105,-93,-69,-66,-59,-63,-66,-77,-56,-39,-59,-71,-8,-8,-8,-8,-8,-8,-8,-8,-8,-8,-8,-8,-8,-8,-8,-8,-8,-8,-8,-8,-8,-8,-7,-7,-7,-7,-7,-7,0,0,0,0,0,0,0,0,0,0,0,0,0,0,0,0,0,0,0,0,0,0,0,0,0,0,0]} 1. c4 g6 2. g3 Bg7 3. Bg2 c5 4. Nc3 Nc6 5. Nf3 Nf6 6. d4 cxd4 7. Nxd4 O-O 8. O-O d6 9. h3 Bd7 10. Nxc6 Bxc6 11. e4 a5 $146 {A31: Englische Eröffnung (Symmetrische Variante)} ({Vorgänger:} 11... Nd7 12. Bd2 Nc5 13. Qc2 a5 14. b3 Qd7 15. Rac1 b6 16. Rfe1 Qb7 17. Nd5 e6 18. Nf4 Rfc8 19. a4 {0-1 (62) Gregor,J (2199)-Kovar,V (2238) Prague 2014}) 12. Qe2 Nd7 13. Bg5 (13. Bd2 $11) 13... Bxc3 $1 $15 {Schwarz steht etwas besser.} 14. bxc3 a4 15. Rad1 Ra5 16. h4 Re8 17. Be3 Qc7 18. f4 b5 19. h5 bxc4 $1 20. hxg6 hxg6 21. Qxc4 Rc8 22. Rfe1 Nf6 {[%cal Bd7f6,Bf6g4,Bg4f2][%mdl 32]} 23. Bd4 e5 24. Bf2 Ng4 25. Bf3 (25. Rf1 $15) 25... Nxf2 $19 26. Kxf2 Rc5 (26... Rb5 $142 27. Rd2 a3) 27. Qd3 $17 Bb5 28. Qxd6 Qa7 29. Kg2 Rxc3 30. Rd2 $1 Rc2 31. fxe5 Qc5 32. Red1 $1 Qe3 33. e6 $1 {[#]} Bf1+ $1 {[%mdl 512]} 34. Kxf1 $11 {Die Stellung ist ausgeglichen.} (34. Rxf1 Rxd2+) 34... Qxf3+ 35. Kg1 Rxd2 {[%cal Rf3d1]} 36. exf7+ Kxf7 {[%cal Rf3d1]} 37. Qxd2 Qxg3+ 38. Qg2 $1 {[%cal Rg2g3]} Qxg2+ 39. Kxg2 {[%mdl 4096] Endspiel KT-KT} Rc2+ 40. Kg3 Rxa2 41. Rd5 a3 42. Ra5 Ra1 43. Ra6 Ke7 44. Kg2 g5 45. Kh2 Kd7 {...Kc8 ist eine echte Drohung.} 46. e5 Ke7 47. Kg2 g4 48. Kh2 a2 49. Kg2 {[#]} g3 $1 {[%mdl 512]} 50. e6 (50. Kxg3 Rg1+) 50... Kf6 {Droht stark ...Ke7.} 51. e7+ Kxe7 52. Ra8 Kd7 53. Ra3 Kc6 54. Ra8 Kb6 {Und weiter mit ...Kc5 wäre nett.} 55. Ra3 Kb5 {Und ...Kc4 würde nun gewinnen.} 56. Ra8 Kb4 {Droht ...Kb3 und aus.} 57. Rb8+ Kc3 58. Rc8+ Kb2 59. Rb8+ Kc3 {zielt auf ...Tg1+! ab.} 60. Rc8+ Kb2 {Precision: Weiß = 77%, Schwarz = 67%.} 1/2-1/2

[Event "18th Lviv Tradition November 2017"]
[Site "Lviv"]
[Date "2017.11.07"]
[Round "3"]
[White "Bogdanov, Egor"]
[Black "Shpanko, Nadiia"]
[Result "1-0"]
[WhiteElo "2317"]
[BlackElo "2085"]
[Annotator "TA"]
[PlyCount "57"]
[EventDate "2017.??.??"]
[EventType "tourn"]
[EventCountry "UKR"]
[SourceTitle "playchess.com"]
[Source "ChessBase"]
[SourceQuality "1"]

{[%evp 21,57,0,0,-12,0,-7,-8,-13,0,-16,0,-2,-11,0,4,6,14,13,13,14,15,17,19,13,111,117,372,372,371,362,370,373,359,324,308,180,1033,1026]} 1. e4 {[%cal Be2e4,Be4e5][%mdl 32]} c5 2. c3 Nf6 {[%cal Bg8f6,Bf6d5,Bd5b4][%mdl 32]} 3. e5 Nd5 4. d4 cxd4 5. Nf3 Nc6 6. cxd4 d6 7. Bc4 dxe5 8. dxe5 Ndb4 9. Qxd8+ {B22: Sicilian: 2 c3} Nxd8 10. Na3 a6 (10... Bg4 11. Bd2 Nbc6 12. Bc3 Bxf3 13. gxf3 a6 14. Nc2 e6 15. Bd3 Rc8 16. Be4 Be7 {½-½ (42) Mamedov,R (2655)-Giri,A (2790) Shamkir 2016}) 11. O-O Bg4 {LiveBook: 4 Games} 12. Be2 Ndc6 $146 ({Predecessor:} 12... h6 13. Bd2 Nbc6 14. Nc4 g5 15. Nb6 Rb8 16. Bc3 Bg7 {½-½ (32) Mammadova,N (2117)-Guramishvili,S (2370) Chakvi 2015}) 13. h3 Bf5 14. Rd1 e6 15. Bd2 Bd3 16. Bxd3 Nxd3 17. Bc3 Bxa3 18. Rxd3 Bc5 19. Ng5 Be7 20. Ne4 O-O 21. Rd7 b5 22. Rc1 $36 {[%mdl 2048] White has good play.} Rac8 (22... Rfd8 $11 {keeps the balance.} 23. Rc7 Rdc8 24. Rxc8+ Rxc8) 23. Bd2 $16 Rfe8 $2 {[%mdl 8192] [#]} (23... Bh4 $16) 24. Nd6 $18 Bxd6 25. exd6 {[%cal Be5d6,Bd6d7][%mdl 32]} ({Not} 25. Rxd6 Nxe5 26. Rxc8 Rxc8 $11) 25... Ne5 26. Rxc8 Rxc8 27. Ra7 f6 28. Rxa6 (28. f4 $142 Nc4 29. Bb4) 28... Rc6 $2 {[#]} (28... Rd8 29. b3 Kf7) 29. d7 $1 {[%mdl 512] Precision: White = 66%, Black = 22%.} 1-0

[Event "18th Lviv Tradition November 2017"]
[Site "Lviv"]
[Date "2017.11.07"]
[Round "3"]
[White "Sevostianov, Pavel"]
[Black "Martynkova, Olena"]
[Result "0-1"]
[WhiteElo "2264"]
[BlackElo "2261"]
[Annotator "TA"]
[PlyCount "78"]
[EventDate "2017.??.??"]
[EventType "tourn"]
[EventCountry "UKR"]
[SourceTitle "playchess.com"]
[Source "ChessBase"]
[SourceQuality "1"]

{[%evp 23,78,23,18,22,18,12,27,24,31,32,38,35,48,40,46,0,0,0,9,-7,2,0,0,0,0,-134,-124,-150,-112,-108,-120,-226,-198,-231,-239,-226,-159,-641,-659,-757,-749,-988,-979,-962,-929,-1133,-963,-953,-952,-928,-934,-930,-914,-904,-868,-1047,-797]} 1. c4 Nf6 2. Nc3 g6 3. e4 d6 4. d4 Bg7 5. f3 O-O 6. Nge2 c5 7. d5 e6 8. Ng3 exd5 9. cxd5 h5 10. Bg5 {A65: Modern Benoni: 6 e4} (10. Be2 a6 11. a4 Nh7 12. Be3 h4 13. Nf1 f5 14. exf5 gxf5 15. Nd2 Nd7 16. f4 h3 17. O-O hxg2 {1-0 (32) Wojtaszek,R (2744)-Erdos,V (2585) Novi Sad 2016}) 10... Qb6 11. Qd2 Nh7 12. Be3 Nd7 {LiveBook: 3 Games} 13. Nge2 Ne5 14. Nf4 {[#]} Bd7 $146 ({Predecessor:} 14... a6 15. Be2 Qa5 16. O-O b5 17. Qc2 Bd7 {½-½ (35) Gulko,B (2610)-Spraggett,K (2585) Hastings 1989}) 15. Be2 a6 16. O-O Qa5 17. a4 Qb4 18. Rfc1 Rfb8 19. Nd3 Nxd3 $1 20. Bxd3 b5 {[%cal Rb5a4]} 21. a5 Bd4 22. Kh1 Bxe3 23. Qxe3 Qxb2 24. Ra2 (24. e5 $11 {remains equal.}) 24... Qb4 $17 25. f4 Nf6 {[%cal Bh7f6,Bf6g4,Bg4e5,Be5d3][%mdl 32]} 26. e5 Ng4 27. Qg3 (27. Qd2 $17 {was necessary.}) 27... dxe5 $1 $19 28. fxe5 {[#]} h4 $1 {[%cal Rh4g3][%mdl 512]} 29. Qxh4 {Black must now prevent e6!} Nxe5 30. Ne4 $2 (30. Be4 $17) 30... Nxd3 {Black is clearly winning.} 31. Rf1 {[#]} Bf5 $1 32. Nf6+ Kg7 33. Qg5 Rh8 34. Re2 Qh4 {[%csl Gh8][%cal Rh4h2]} 35. Ne8+ Raxe8 {[%csl Gh8][%cal Rh4h2]} 36. Qxh4 Rxh4 37. Rxe8 Rd4 38. Ra8 Nb4 39. Ra7 Rxd5 {Precision: White = 34%, Black = 78%.} 0-1

[Event "18th Lviv Tradition November 2017"]
[Site "Lviv"]
[Date "2017.11.07"]
[Round "3"]
[White "Krzywda, Andrzej"]
[Black "Bykovskiy, Oleg"]
[Result "1-0"]
[WhiteElo "2174"]
[BlackElo "2249"]
[Annotator "TA"]
[PlyCount "70"]
[EventDate "2017.??.??"]
[EventType "tourn"]
[EventCountry "UKR"]
[SourceTitle "playchess.com"]
[Source "ChessBase"]
[SourceQuality "1"]

{[%evp 17,70,27,20,29,35,48,51,25,30,25,37,16,16,16,8,8,21,15,14,20,20,13,14,12,24,10,17,19,23,19,18,16,14,14,14,14,14,14,14,14,125,125,133,134,244,238,232,210,235,233,212,215,295,290,421]} 1. e4 b6 2. d4 Bb7 3. Nc3 e6 4. Bd3 Bb4 5. Nf3 Nf6 6. Qe2 d5 7. exd5 Bxc3+ 8. bxc3 Qxd5 9. O-O O-O {LiveBook: 10 Games} 10. a4 {[%cal Ba2a4,Ba4a5][%mdl 32] B00: Queen's Fianchetto Defence, Nimzowitsch Defence} (10. Re1 Nbd7 11. a4 Qh5 12. Nd2 Qxe2 13. Bxe2 Ne4 14. Nxe4 Bxe4 15. Bd1 Nf6 16. a5 b5 17. Ba3 Rfb8 {1-0 (64) Zhang,Z (2619)-Zvjaginsev,V (2660) Berlin 2015}) 10... Nbd7 11. a5 Qh5 12. Nd2 {White is slightly better.} Qxe2 13. Bxe2 c5 $146 ({Predecessor:} 13... Ne4 14. Ra3 Ndf6 15. Bd3 Rfd8 16. Re1 Nd6 17. f3 Rac8 {½-½ (38) Villuendas Valero,A (2276)-Accattato Martin,M (2232) Aragon 2014}) 14. Bb5 Rfc8 15. Nc4 {[#] aiming for Nd6.} Bc6 $1 {[%cal Rc6b5]} 16. Bxc6 Rxc6 17. axb6 Nxb6 18. Nxb6 Rxb6 19. dxc5 Rc6 20. Ra5 Ne4 21. Be3 Nxc3 22. Rfa1 a6 23. Kf1 $36 {[%mdl 2048] White is pushing.} e5 24. R1a3 Nd5 25. Bd2 Nc7 26. Rb3 Ne6 27. Be3 Rac8 28. Rb6 Nd4 (28... Kf8 $11) 29. Bxd4 $16 ({Of course not} 29. Raxa6 $6 Rxc5 30. Bxd4 exd4 $11) ({Don't play} 29. Rbxa6 $6 Rxa6 30. Rxa6 Nxc2 $11) 29... exd4 30. Rbxa6 Rxa6 (30... R6c7 $16) 31. Rxa6 {KR-KR} Kf8 32. c6 Ke7 {[#]} 33. Ke2 $1 Kd6 34. Kd3 Kc5 35. Ra4 Kd5 {Precision: White = 90%, Black = 53%.} (35... Rc7 {keeps fighting.} 36. Rc4+ (36. Rxd4 Kxc6 37. Rc4+ Kd6 $16) 36... Kd5) 1-0

[Event "18th Lviv Tradition November 2017"]
[Site "Lviv"]
[Date "2017.11.07"]
[Round "3"]
[White "Kryvoruchko, Vita"]
[Black "Shkuran, Danylo"]
[Result "0-1"]
[WhiteElo "2148"]
[BlackElo "2403"]
[Annotator "TA"]
[PlyCount "76"]
[EventDate "2017.??.??"]
[EventType "tourn"]
[EventCountry "UKR"]
[SourceTitle "playchess.com"]
[Source "ChessBase"]
[SourceQuality "1"]

{[%evp 23,76,34,31,38,29,-52,-29,-35,-41,-36,-37,-37,-35,-89,-87,-102,-84,-191,0,-58,-65,-61,-57,-54,-37,-122,-128,-185,-186,-237,-125,-299,-300,-381,-379,-369,-304,-711,-720,-704,-696,-977,-972,-971,-949,-949,-915,-1070,-1069,-1062,-1055,-1033,-997,-1928,-1847]} 1. d4 Nf6 2. c4 g6 3. g3 Bg7 4. Bg2 O-O 5. Nc3 d6 6. Nf3 Nbd7 7. O-O e5 8. e4 exd4 9. Nxd4 Nc5 10. h3 Re8 11. Re1 a5 12. Qc2 Nfd7 {[%cal Bf6d7,Bd7e5,Be5d3,Bd3b2][%mdl 32]} 13. Be3 {E68: King's Indian: Fianchetto: 6...Nbd7 7 0-0 e5 8 e4} Ne5 (13... c6 14. Rad1 a4 15. b4 axb3 16. axb3 Qb6 17. Rb1 Qb4 18. Re2 Ne6 19. Nxe6 Rxe6 20. Na2 Qa3 21. b4 Qa4 22. Rb3 Re8 {0-1 (65) Anic,D (2381)-Vaisser,A (2509) Drancy 2016}) 14. Nce2 ({Better is} 14. b3 $11) 14... Ncd3 $1 $15 15. Red1 $146 {Black has an edge.} ({Predecessor:} 15. Reb1 Nb4 16. Qc1 c5 17. Nb5 Be6 18. Na3 b5 19. b3 bxc4 20. bxc4 Ned3 {1-0 (52) Nedeljkovic,S-Pirc,V Ljubljana 1951}) 15... Nb4 16. Qc1 $1 c5 17. Nb5 {[#] Black must now prevent Nf4.} Ned3 18. Qb1 (18. Rxd3 $15 Nxd3 19. Qc2 Nxb2 20. Rb1) 18... Nxb2 $17 19. Rxd6 Bd7 $36 {[%mdl 2048] Keeping White busy.} 20. a3 (20. Bh6 $17 Nxc4 21. Bxg7 Kxg7 22. Rd1) 20... Na6 $2 (20... Nxc4 $19 21. axb4 Bxa1 22. Qxa1 Nxe3 23. bxc5 Nxg2) 21. Rd5 (21. Bh6 $11 Nxc4 22. Bxg7 Kxg7 23. Rd1) 21... Nxc4 $15 22. Bg5 Qc8 $1 23. Nec3 $1 h6 24. Bf4 {[#]} (24. Bf1 $1 $15) 24... g5 $1 $17 {[%cal Rg5f4]} 25. Bxg5 (25. Bc1 $17) 25... hxg5 $19 26. Rxg5 (26. Qf1 $142) 26... Qc6 (26... Bxh3 $19 {Hoping for ...Qe6.} 27. Nd5 Bxg2 28. Kxg2 Qd8) 27. e5 $2 (27. Qd3 $17 {might work better.}) 27... Qh6 28. h4 Nxe5 ({Much less strong is} 28... Rxe5 29. Bd5 $19) 29. Ne4 f6 30. Nbd6 $2 (30. Rxg7+ Qxg7 31. Nbd6) 30... fxg5 {Black is clearly winning.} 31. hxg5 Qe6 32. Qd1 Bc6 33. Nxe8 Rxe8 34. Rb1 Nf3+ 35. Qxf3 Bxe4 36. Qxe4 Qxe4 37. Bxe4 Rxe4 38. Rxb7 c4 {Precision: White = 18%, Black = 71%.} 0-1

[Event "18th Lviv Tradition November 2017"]
[Site "Lviv"]
[Date "2017.11.08"]
[Round "4"]
[White "Shkuran, Danylo"]
[Black "Bogdanov, Egor"]
[Result "0-1"]
[WhiteElo "2403"]
[BlackElo "2317"]
[Annotator "TA"]
[PlyCount "116"]
[EventDate "2017.??.??"]
[EventType "tourn"]
[EventCountry "UKR"]
[SourceTitle "playchess.com"]
[Source "ChessBase"]
[SourceQuality "1"]

{[%evp 19,116,0,-5,-2,-20,-10,-20,-52,-52,-56,-49,-62,-52,-60,-52,-44,-35,-76,-75,-74,-68,-74,-68,-80,-78,-75,-70,-85,-81,-85,-85,-85,-85,-85,-71,-85,-60,-67,-59,-56,0,-65,-53,-64,34,31,128,-15,-31,-70,-34,-43,-46,-80,-83,-92,0,-75,-78,-116,-121,-140,-134,-177,-193,-191,-186,-202,-118,-222,-218,-229,-223,-238,-221,-254,-250,-248,-208,-222,-141,-211,-218,-416,-434,-421,-318,-408,-408,-516,-515,-29991,-29992,-29992,-29993,-29993,-600,-29984,-29985]} 1. Nf3 Nf6 2. g3 g6 3. Bg2 Bg7 4. O-O O-O 5. d3 c5 6. e4 d6 7. Nc3 Nc6 8. h3 Rb8 9. Be3 Nd7 {B25: Sizilianisch (Geschlossenes System)} 10. Qd2 Nd4 {LiveBook: 3 Partien} 11. Bxd4 cxd4 {Die Stellung ist ausgeglichen.} 12. Ne2 Qb6 13. c3 $146 ({Vorgänger:} 13. Rfb1 e5 14. c3 dxc3 15. bxc3 Qa5 16. a4 Nc5 17. Rb5 {0-1 (27) Arquint,A (2020)-Cebalo,M (2500) Lenzerheide 2010}) 13... dxc3 14. bxc3 Nc5 15. Rfb1 Qa6 16. Ne1 {[%cal Bf3e1,Be1d3,Bd3b4,Bb4d5,Bd5f4][%mdl 32]} Bd7 17. d4 Na4 $1 18. Nd3 Rfc8 19. Nb4 Qa5 20. Nd5 Kf8 21. Rb3 e6 22. Ndf4 Rc7 23. Rab1 Nb6 24. Rb4 Nc4 25. Qd1 b6 26. a4 Rbc8 27. Ra1 Kg8 28. h4 Bf8 29. Rbb1 h5 (29... Qa6 $15) 30. Bh3 (30. Nd3 $11) 30... Bh6 $15 31. Kh2 Bxf4 (31... Rf8 $15) 32. gxf4 $14 e5 ({Besser ist} 32... Re8 $14) 33. f5 (33. Bxd7 $16 Rxd7 34. Rb5) 33... exd4 $11 34. Qxd4 Qe5+ (34... Ne5 $5 {[%cal Re5f3]} 35. Qxd6 Rc6 $17) 35. Qxe5 $1 dxe5 36. Rg1 Nd2 37. Bg2 Kh7 ({Günstiger ist} 37... Rd8 $17 38. Ra2 Nc4) 38. Ra2 (38. Rad1 $11 {bleibt in der Remisbreite.} Nc4 39. Bh3 Bxa4 40. Ra1) 38... Nc4 $36 {[%mdl 2048] Weiss muss aufpassen.} 39. fxg6+ fxg6 40. f4 Rf8 41. Kg3 Bg4 42. fxe5 Nxe5 {zielt auf ...Lxe2 ab.} 43. Rc1 Nd3 (43... Rfc8 $19 44. c4 Kg7) 44. Rcc2 (44. Rf1 $17 Rxf1 45. Bxf1) 44... Ne1 $19 45. Rc1 Nxg2 46. Kxg2 Bf3+ 47. Kg3 Bxe4 48. Nd4 Bd5 49. Re2 Rcf7 50. Rce1 (50. Re5 $17 Rd7 51. Rd1) 50... Rf4 {...Tg4+ ist eine echte Drohung.} 51. Re5 $2 {[#]} (51. Re8) 51... Rg4+ 52. Kh3 Bg2+ 53. Kh2 {Falls Weiss jetzt zu Tg5 käme, bestünde noch etwas Hoffnung.} Ba8 54. Re7+ Kh6 {Und ...Tf2+ würde nun gewinnen.} 55. Rxa7 {[#]} (55. R7e2 $19) 55... Rf2+ 56. Kh3 Bg2+ 57. Kh2 Bf3+ 58. Kh3 Rfg2 {Precision: Weiß = 39%, Schwarz = 63%.} 0-1

[Event "18th Lviv Tradition November 2017"]
[Site "Lviv"]
[Date "2017.11.08"]
[Round "4"]
[White "Martynkova, Olena"]
[Black "Kryvoruchko, Vita"]
[Result "0-1"]
[WhiteElo "2261"]
[BlackElo "2148"]
[Annotator "TA"]
[PlyCount "98"]
[EventDate "2017.??.??"]
[EventType "tourn"]
[EventCountry "UKR"]
[SourceTitle "playchess.com"]
[Source "ChessBase"]
[SourceQuality "1"]

{[%evp 12,98,87,79,141,82,83,91,83,94,106,117,104,69,66,56,68,50,114,62,71,71,76,68,85,75,76,72,78,56,96,92,98,97,95,93,91,89,100,104,99,104,94,12,20,0,0,0,0,0,0,0,0,0,0,0,0,0,0,0,0,-888,-484,-824,-665,-1481,-783,-986,-972,-1029,-1032,-1060,-998,-12841,-12841,-12841,-12842,-12843,-12844,-12844,-12845,-12845,-12843,-12844,-12844,-12845,-12845,-12845,-12846]} 1. d4 Nf6 2. c4 c5 3. Nf3 cxd4 4. Nxd4 e5 5. Nb5 d5 6. cxd5 a6 {A31: Symmetrical English: 2 Nf3 Nf6 3 d4} (6... Bc5 7. e3 O-O 8. N5c3 Bf5 9. Be2 Nbd7 10. Nd2 Bb4 11. O-O Bxc3 12. bxc3 Nxd5 13. Bb2 Qb6 14. Nb3 N5f6 15. c4 Rfd8 16. Qc1 a5 17. Rd1 {½-½ (40) Matlakov,M (2714)-Giri,A (2785) Sochi 2017}) 7. N5c3 {LiveBook: 29 Games} e4 (7... Bc5 $142) 8. Nxe4 (8. g3 $142) 8... Nxd5 {White is better.} 9. Nbc3 Bb4 10. a3 $146 ({Predecessor:} 10. Bd2 Nxc3 11. Bxc3 Qb6 12. Qb3 Bxc3+ 13. Qxc3 O-O 14. g3 {1-0 (40) Raetsky,A (2423)-Marchadour,C (2081) Sautron 2002}) 10... Ba5 11. b4 Nxc3 {[%csl Gc3][%cal Rd8d1] [#]} 12. Qxd8+ (12. Nxc3 {with more complications.} Qxd1+ 13. Nxd1 Bc7 14. g3 Nc6 15. Bg2) 12... Bxd8 13. Nxc3 Bf6 14. Bb2 Bd7 (14... a5 $14) 15. Nd1 ({White should try} 15. O-O-O $16) 15... Bxb2 $14 16. Nxb2 a5 17. bxa5 Nc6 18. Nc4 Be6 19. e3 Ke7 20. Be2 (20. Rb1 {keeps more tension.} Nxa5 21. Nb6 Ra7 22. a4 Rd8 23. Rc1) 20... Bxc4 21. Bxc4 Rxa5 22. Ke2 Ne5 23. Bb3 Rha8 24. Rhc1 {Strongly threatening Rc7+.} b6 {[%cal Bb7b6,Bb6b5][%mdl 32]} 25. a4 b5 {[%cal Rb5a4]} 26. Rc5 Nd7 27. Rg5 (27. Rf5 $16) 27... g6 $11 28. Rd1 f5 29. Bd5 Rd8 {[#] And now ...Nf6 would win.} 30. axb5 Rxb5 31. Bf3 Rb2+ 32. Kf1 Nc5 {...Rxd1+ is the strong threat.} 33. Rxd8 Kxd8 {[%mdl 4096] Endgame KRB-KRN} 34. Bd5 Ke7 35. e4 Nd3 36. g3 $2 {[%mdl 8192]} (36. exf5 $11 Rxf2+ 37. Kg1) 36... Kf6 {Black is clearly winning.} 37. h4 (37. f4 $142 h6 38. e5+ Kg7 39. Rxf5 gxf5 40. Be6) 37... h6 38. Bc4 Rb1+ 39. Ke2 Nc1+ ({Less strong is} 39... hxg5 40. hxg5+ Kxg5 41. Bxd3 $17) 40. Kd2 hxg5 41. hxg5+ Kxg5 42. f4+ Kg4 43. e5 Rb7 44. e6 Rc7 45. Bb5 Nb3+ 46. Ke3 Nc5 47. Kf2 Nxe6 48. Be2+ Kh3 49. Bf1+ Kh2 {Precision: White = 46%, Black = 68%.} 0-1

[Event "18th Lviv Tradition November 2017"]
[Site "Lviv"]
[Date "2017.11.08"]
[Round "4"]
[White "Bykovskiy, Oleg"]
[Black "Shpanko, Nadiia"]
[Result "0-1"]
[WhiteElo "2249"]
[BlackElo "2085"]
[Annotator "TA"]
[PlyCount "104"]
[EventDate "2017.??.??"]
[EventType "tourn"]
[EventCountry "UKR"]
[SourceTitle "playchess.com"]
[Source "ChessBase"]
[SourceQuality "1"]

{[%evp 15,104,-10,20,0,7,-9,43,39,71,-16,-12,-6,-25,-56,-56,-54,-49,-56,-11,-29,-14,-17,-21,-45,-7,-46,-29,-39,-22,-59,-31,-44,-60,-56,-25,-53,-41,-24,-42,-77,-89,-101,-99,-132,-118,-125,-135,-152,-139,-135,-142,-128,0,-242,-235,-231,-229,-258,-238,-239,-238,-245,-222,-243,-220,-242,-242,-231,-241,-234,-228,-220,-214,-430,-420,-555,-427,-537,-511,-1369,-1139,-724,-2435,-2250,-2357,-1829,-1716,-1251,-1150,-2097,-1985]} 1. d4 Nf6 2. c4 e6 3. Nc3 Bb4 4. Qc2 O-O 5. a3 Bxc3+ 6. Qxc3 b6 7. Bg5 Bb7 8. f3 d6 9. Nh3 {E32: Nimzo-Indian: Classical (4 Qc2): 4...0-0} h6 10. Bh4 c5 (10... Nbd7 $11) (10... Nbd7 11. e3 c5 12. dxc5 bxc5 13. Nf2 Qb6 14. Be2 d5 15. O-O a5 16. Rfd1 a4 17. Rac1 Rfc8 18. h3 Qc7 19. Ng4 Nxg4 20. hxg4 Ba6 {½-½ (57) Malakhatko,V (2511)-Jumabayev,R (2603) Bastia 2017}) 11. dxc5 $14 {White is slightly better.} bxc5 12. Bxf6 $146 (12. O-O-O $1 $16) ({Predecessor:} 12. e3 Nbd7 13. Be2 a5 14. Qc2 a4 15. O-O Qb6 16. Rfd1 d5 17. Bf2 Rfc8 18. Nf4 Ne5 19. cxd5 exd5 20. Qc3 Re8 {1-0 (69) Shen,Y (2445)-Kosintseva,N (2460) Nalchik 2008}) 12... Qxf6 $11 13. Qxf6 gxf6 14. O-O-O Rd8 $1 15. e3 Nc6 16. Kc2 Ba6 17. Nf2 Kf8 18. Ne4 Ke7 19. b3 Rab8 (19... f5 $5 {[%cal Rf5e4]} 20. Nd2 Bb7 $15) 20. Kc3 Rb6 21. Bd3 f5 22. Nd2 Bb7 23. Bc2 Rg8 $36 {[%mdl 2048] White is under pressure.} 24. Rhg1 Ba8 25. g4 f4 26. exf4 Nd4 27. Rgf1 Ne2+ $1 28. Kb2 Nxf4 29. Rfe1 h5 30. gxh5 Rh8 31. Be4 Bxe4 32. Nxe4 Rxh5 33. Rd2 Rxh2 (33... Rh3 $17 34. Ng3 Rxh2 $1 {[%mdl 512]} 35. Rxe6+ Nxe6 36. Rxh2 Nd4) 34. Kc3 $2 (34. Rxh2 $11 Nd3+ 35. Kc3 Nxe1 36. Ng5) 34... Rxd2 $19 35. Nxd2 {[%mdl 4096] Endgame [#] KRN-KRN} a5 $1 36. Re4 Ng6 37. Re2 Rb8 38. Rh2 Rg8 39. b4 axb4+ 40. axb4 cxb4+ 41. Kxb4 Ne5 42. Kc3 Rg1 43. Rf2 Rc1+ 44. Kd4 $2 (44. Kb3) 44... Rc2 {aiming for ...Rxd2+!} 45. Ne4 Rxc4+ {Black is clearly winning.} 46. Ke3 d5 47. Ng3 (47. Nd2 $142 Ra4 48. Rg2) 47... Rc3+ 48. Ke2 Rc2+ (48... d4 $142 49. Kd1 Nxf3) 49. Kf1 Rxf2+ 50. Kxf2 Kd6 51. Ne2 Nc6 52. f4 d4 {Precision: White = 25%, Black = 62%.} 0-1